|
|
|
|
| LEADER |
01358ppm a22003258a 4500 |
| 001 |
00039901 |
| 005 |
20171026081025.0 |
| 008 |
170628s2017 ||||||viesd |
| 041 |
0 |
# |
|a vie
|
| 082 |
1 |
4 |
|b QU105L
|a 320.407 1
|
| 100 |
1 |
# |
|a Lâm, Kim Hà
|
| 245 |
0 |
0 |
|a Quản lý hoạt động dạy học môn Giáo dục công dân ở các trường PT Dân tộc nội trú tỉnh Sóc Trăng
|b Luận văn thạc sĩ khoa học giáo dục. Chuyên ngành: Quản lý giáo dục. Mã số: 60.14.01.14
|c Lâm Kim Hà ; Phan Minh Tiến (hướng dẫn)
|
| 260 |
# |
# |
|a Đồng Tháp
|b Đại học Đồng Tháp
|c 2017
|
| 300 |
# |
# |
|a 94 tr. +phụ lục
|c 30cm.
|
| 500 |
# |
# |
|a ĐTTS ghi: Bộ giáo dục và đào tạo. Trường Đại học Đồng Tháp
|
| 653 |
# |
# |
|a Giáo dục công dân
|
| 653 |
# |
# |
|a Cán bộ quản lý
|
| 653 |
# |
# |
|a Hoạt động
|
| 653 |
# |
# |
|a Trung học cơ sở
|
| 653 |
# |
# |
|a Sóc Trăng
|
| 653 |
# |
# |
|a Quản lý giáo dục
|
| 653 |
# |
# |
|a Luận văn
|
| 700 |
1 |
# |
|a Phan, Minh Tiến
|e Hướng dẫn
|
| 852 |
# |
# |
|j LV.0001201
|j LV.0001494
|
| 852 |
# |
# |
|b Kho đọc SĐH
|j LV.0001201
|
| 910 |
|
|
|d 28/06/2017
|
| 980 |
# |
# |
|a Trung tâm Học liệu Lê Vũ Hùng, Trường Đại học Đồng Tháp
|